| 000 | 00664nam a2200229Ia 4500 | ||
|---|---|---|---|
| 001 | 15333 | ||
| 003 | GE_BSU | ||
| 008 | 181216s||||||||xx |||||||||||||| ||und|| | ||
| 040 | _cGE_BSU | ||
| 080 | _a821.353.1-31 | ||
| 100 | _aქურდოვანიძე, თეიმურაზ | ||
| 245 | _a...მწე ჩემდა ხარ | ||
| 245 | _bრომანი | ||
| 245 | _c[რედ.: ლია არაბიძე] | ||
| 260 | _aთბილისი | ||
| 260 | _bმერანი | ||
| 260 | _c1991 | ||
| 300 | _a119გვ.20სმ. | ||
| 653 | _a...მწე ჩემდა ხარ | ||
| 653 | _aრომანი | ||
| 942 | _cBK | ||
| 999 |
_c48441 _d48441 |
||